Statistics for Starbucks Cup Sizes

Click here to take the quiz!

General Stats

  • This quiz has been taken 49 times
  • The average score is 4 of 6

Answer Stats

MeasurementAnswer% Correct
16 US fl oz (470 mL)Grande
97%
20 US fl oz (590 mL) - Hot
26 US fl oz (770 mL) - Iced
Venti
92%
12 US fl oz (350 mL)Tall
74%
30 US fl oz (890 mL)Trenta
55%
8 US fl oz (240 mL)Short
45%
3 US fl oz (90 mL)Demi
24%

Score Distribution

Percentile by Number Answered

Percent of People with Each Score

Your Score History

You have not taken this quiz